<?xml version="1.0" encoding="UTF-8"?>
<record
    xmlns:xsi="http://www.w3.org/2001/XMLSchema-instance"
    xsi:schemaLocation="http://www.loc.gov/MARC21/slim http://www.loc.gov/standards/marcxml/schema/MARC21slim.xsd"
    xmlns="http://www.loc.gov/MARC21/slim">

  <leader>01105nam a22002177a 4500</leader>
  <controlfield tag="003">OSt</controlfield>
  <controlfield tag="005">20201214093925.0</controlfield>
  <controlfield tag="008">201214b 2012 dr 00| 0 eng d</controlfield>
  <datafield tag="020" ind1=" " ind2=" ">
    <subfield code="a">9789945475302 </subfield>
  </datafield>
  <datafield tag="040" ind1=" " ind2=" ">
    <subfield code="a">DO-SdBNP</subfield>
    <subfield code="b">spa</subfield>
    <subfield code="c">BNPHU</subfield>
  </datafield>
  <datafield tag="100" ind1="1" ind2=" ">
    <subfield code="a">Marcall&#xE9; Abreu, Roberto,</subfield>
    <subfield code="d">1948-</subfield>
    <subfield code="9">77586</subfield>
  </datafield>
  <datafield tag="245" ind1="1" ind2="0">
    <subfield code="a">Confidencias en torno al oscuro destino de la &#xFA;nica mujer fatal : </subfield>
    <subfield code="b">cuentos reunidos /</subfield>
    <subfield code="c">Roberto Marcall&#xE9; Abreu.</subfield>
  </datafield>
  <datafield tag="260" ind1=" " ind2=" ">
    <subfield code="a">Santo Domingo : </subfield>
    <subfield code="b">Direcci&#xF3;n General de la Feria del Libro, </subfield>
    <subfield code="c">2012.</subfield>
  </datafield>
  <datafield tag="300" ind1=" " ind2=" ">
    <subfield code="a">602 p. ; </subfield>
    <subfield code="c">23 cm. </subfield>
  </datafield>
  <datafield tag="490" ind1="1" ind2=" ">
    <subfield code="a">Cuentos reunidos (Ediciones Ferilibro)</subfield>
  </datafield>
  <datafield tag="500" ind1=" " ind2=" ">
    <subfield code="a">Incluye datos biogr&#xE1;ficos del autor en la solapa de la cubierta</subfield>
  </datafield>
  <datafield tag="505" ind1=" " ind2=" ">
    <subfield code="t">Las dos muertes de Jos&#xE9; Inirio --</subfield>
    <subfield code="t">El min&#xFA;sculo infierno del se&#xF1;or Lucas --</subfield>
    <subfield code="t">S&#xE1;bado de sol despu&#xE9;s de las lluvias --</subfield>
    <subfield code="t">Ya no est&#xE1;n estos tiempos para tr&#xE1;gicos finales de historias de amor --</subfield>
    <subfield code="t">Alternativas para una existencia gris --</subfield>
    <subfield code="t">Desdicha, enfermedad y muerte cortes&#xED;a del se&#xF1;or Marcelino Ozoria.</subfield>
  </datafield>
  <datafield tag="590" ind1=" " ind2=" ">
    <subfield code="a">Inventariado, 2020 /LP

</subfield>
  </datafield>
  <datafield tag="830" ind1=" " ind2="0">
    <subfield code="a">Cuentos reunidos (Ediciones Ferilibro)</subfield>
    <subfield code="9">77587</subfield>
  </datafield>
  <datafield tag="942" ind1=" " ind2=" ">
    <subfield code="2">ddc</subfield>
    <subfield code="c">LBS1</subfield>
  </datafield>
  <datafield tag="952" ind1=" " ind2=" ">
    <subfield code="0">0</subfield>
    <subfield code="1">0</subfield>
    <subfield code="2">ddc</subfield>
    <subfield code="5">1</subfield>
    <subfield code="7">1</subfield>
    <subfield code="8">MO</subfield>
    <subfield code="a">BNPHU</subfield>
    <subfield code="b">PD</subfield>
    <subfield code="c">HD</subfield>
    <subfield code="d">2020-12-14</subfield>
    <subfield code="e">Nieves L. Emeterio Rond&#xF3;n </subfield>
    <subfield code="l">0</subfield>
    <subfield code="p">2020-0708</subfield>
    <subfield code="r">2020-12-14</subfield>
    <subfield code="w">2020-12-14</subfield>
    <subfield code="y">LBS1</subfield>
  </datafield>
  <datafield tag="999" ind1=" " ind2=" ">
    <subfield code="c">49278</subfield>
    <subfield code="d">49278</subfield>
  </datafield>
</record>
